[Event "Quebec-ch U16"]
[Site "Montreal"]
[Date "1993.02.27"]
[Round "4"]
[White "Solunac, Stephen"]
[Black "Hua, Lefong"]
[Result "0-1"]
[WhiteElo "1480"]
[BlackElo "1907"]
[PlyCount "88"]
[EventDate "1993.02.25"]
[EventType "tourn"]
[EventRounds "7"]
[EventCountry "CAN"]
[SourceTitle "EXT 2022"]
[Source "ChessBase"]
[SourceDate "2021.10.06"]
[SourceVersion "1"]
[SourceVersionDate "2021.10.06"]
[SourceQuality "1"]

1. e4 c5 2. Nf3 d6 3. d4 cxd4 4. Nxd4 Nf6 5. Nc3 g6 6. Be3 Bg7 7. f3 Nc6 8. Qd2 0-0 9. g4 Nxd4 10. Bxd4 Be6 11. 0-0-0 Qa5 12. a3 Rfc8 13. h4 Bxg4 14. fxg4 Nxg4 15. Bxg7 Kxg7 16. Bh3 Rxc3 17. Qxc3+ Qxc3 18. bxc3 Nf2 19. Rdf1 Nxh1 20. Rxh1 e6 21. Rd1 Rd8 22. Rd4 b6 23. Rc4 Rd7 24. a4 Kf6 25. Kd2 Ke5 26. Ke3 f5 27. Bg2 h6 28. exf5 gxf5 29. Rd4 Rc7 30. Kd3 d5 31. Bf1 Rg7 32. Be2 f4 33. Bf3 Rg3 34. Ke2 Rh3 35. h5 Rh2+ 36. Kd3 Rf2 37. Bg4 Rg2 38. Bf3 Rf2 39. Bg4 a5 40. c4 Rg2 41. Bxe6 Rg3+ 42. Ke2 Kxd4 43. cxd5 Ke5 44. Kf2 Rc3 0-1

[Event "Hull Coupe Defi"]
[Site "Hull"]
[Date "1992.06.13"]
[Round "1"]
[White "Laurin, Marcel"]
[Black "Solunac, Stephen"]
[Result "0-1"]
[WhiteElo "1692"]
[BlackElo "1480"]
[PlyCount "80"]
[EventDate "1992.06.13"]
[EventType "swiss"]
[EventRounds "4"]
[EventCountry "CAN"]
[SourceTitle "EXT 2022"]
[Source "ChessBase"]
[SourceDate "2021.10.06"]
[SourceVersion "1"]
[SourceVersionDate "2021.10.06"]
[SourceQuality "1"]

1. e4 e6 2. d4 d5 3. e5 c5 4. Nf3 Nc6 5. c3 Qb6 6. Bd3 Bd7 7. Bc2 Be7 8. 0-0 f6 9. b3 cxd4 10. cxd4 Rc8 11. Bb2 Nb4 12. Nc3 Nh6 13. Rc1 0-0 14. Bb1 fxe5 15. Nxe5 Bb5 16. Re1 Be8 17. a3 Nc6 18. Qd3 g6 19. Na4 Nxe5 20. Rxe5 Bxa4 21. Qd2 Qxb3 22. Bxg6 Rxc1+ 23. Bxc1 hxg6 24. Rxe6 Bf6 25. g3 Qd1+ 26. Qxd1 Bxd1 27. Bxh6 Bg4 28. Bxf8 Bxe6 29. Bb4 Bxd4 30. Kg2 Kf7 31. f4 Bb6 32. h3 d4 33. g4 d3 34. Bd2 a5 35. Kg3 Bc5 36. Bxa5 Be3 37. Kf3 Bc1 38. h4 d2 39. Ke2 Bc4+ 40. Kd1 Bb3+ 0-1